000
00239nam a22000977a 4500
040
_c
RUA
082
_a
ADB NOV 2003 C227 Or.
245
_a
NEPAL Commercial Agriculture Development Project.
260
_a
phnom penh
_b
rua
_c
2003
942
_c
AEDBB
999
_c
21330
_d
21330